000 00651nam a2200241 i 4500
001 C2-0282289
003 PPAK
005 20180728012701.0
008 071003s1995 nyua|||| ||||| | eng d
020 _a0590439685
040 _aPPAK
_beng
_cPPAK
_erda
082 0 4 _a823
_223
090 0 0 _a823
_bCOL
_dLCK
100 1 _aColes, Robert,
_eauthor
245 1 4 _aThe story of Ruby Brides
264 1 _aNew York :
_bScholastic ,
_c1995
300 _a( Various pages ) :
_bcolour illustrations ;
_c28 cm
336 _2rdacontent
_atext
337 _2rdamedia
_aunmediated
338 _2rdacarrier
_avolume
650 1 0 _aBridges, Ruby
942 _ddc
_cB
999 _c88554
_d88554